| 000 | 00406nam a2200157Ia 4500 | ||
|---|---|---|---|
| 008 | 210716s2010 xx 000 0 und d | ||
| 020 | _a9788131728024 | ||
| 041 | _aeng | ||
| 082 | _a658.3128 PHIJ | ||
| 100 | _aPhillips, Jean M;Gully, Stanley M. | ||
| 245 | _aStrategic staffing. | ||
| 250 | _a1 | ||
| 260 |
_aNew Delhi _bPearson Education _c2010 |
||
| 300 | _axv,432 | ||
| 650 | _aStrategic Management | ||
| 999 |
_c204734 _d204734 |
||